000 00695nam a22002057a 4500
005 20080528151713.0
008 080528t xxu||||| |||| 00| 0 eng d
010 _aENG-90227
020 _a8183821286
_c95.00
035 _aEN-73760
037 _bDBAD / PUB
040 _aDPL
_bEN
082 _a480.81
100 _aThomas, M.
245 _aBoost your spelling power /
_cby M. Thomas
260 _aNew Delhi
_bLotus Press
_c2007
300 _a182p.
_c22 cm (pbk)
942 _2ddc
_cEN
_h480.81
_mTHO
999 _c13083
_d13083